000 00681nam a2200205Ia 4500
001 15992
003 GE_BSU
008 181216s||||||||xx |||||||||||||| ||und||
040 _cGE_BSU
080 _a821.353.1-1
100 _aჯავახაძე, ვახტანგ
245 _aლექსები
245 _cსარედ. კოლ. გრიგოლ აბაშიძე და სხვ.რედ.ნ.იაშვილი.მხ.დ.დუნდუა
260 _aთბილისი
260 _bსაბჭ. საქართველო
260 _c1984
300 _a143გვ. ; 16სმ
653 _aლექსები
942 _cBK
999 _c49085
_d49085